000 00651nam a2200193 u 4500
005 20210223130247.0
008 070905s2001 mx r 000 0 spa d
020 _a9686982159
035 _aUPN01000151688
049 _aCG
050 4 _aPR3484 E7
_bS3
100 1 _aGoldsmith, Oliver,
_d1730?-1774
245 1 0 _aSe abaja para conquistarlo :
_bo, los errores de una noche /
_cOliver Goldsmith ; tr. Rafael Segovia.
260 _aMéxico :
_bTextos de me cayó el veinte :
_bPsicoanalítica de la Letra,
_c2001.
300 _a132 p.
440 0 _aEcole lacanienne de psychanalyse
650 4 _aCOMEDIA INGLESA -
_ySIGLO XVIII
_98224
905 _aLibro
999 _c123824
_d123824